Islamic architecture in Cairo : (Record no. 9316)
[ view plain ]
| 000 -LEADER | |
|---|---|
| fixed length control field | 01004cam a22002775a 4500 |
| 003 - CONTROL NUMBER IDENTIFIER | |
| control field | EG-ScBUE |
| 005 - DATE AND TIME OF LATEST TRANSACTION | |
| control field | 20221016120101.0 |
| 008 - FIXED-LENGTH DATA ELEMENTS--GENERAL INFORMATION | |
| fixed length control field | 110418t1989 ua a|||frb||| 00| 0 eng d |
| 020 ## - INTERNATIONAL STANDARD BOOK NUMBER | |
| International Standard Book Number | 9774242033 |
| 020 ## - INTERNATIONAL STANDARD BOOK NUMBER | |
| International Standard Book Number | 9789774242038 |
| 040 ## - CATALOGING SOURCE | |
| Original cataloging agency | EG-ScBUE |
| Language of cataloging | eng |
| Description conventions | rda |
| Transcribing agency | EG-ScBUE |
| Modifying agency | EG-ScBUE |
| 082 04 - DEWEY DECIMAL CLASSIFICATION NUMBER | |
| Classification number | 720.6216 |
| Item number | BEH |
| Edition number | 22 |
| 100 1# - MAIN ENTRY--PERSONAL NAME | |
| Personal name | Behrens-Abouseif, Doris, |
| Relator term | author. |
| 9 (RLIN) | 23183 |
| 245 10 - TITLE STATEMENT | |
| Title | Islamic architecture in Cairo : |
| Remainder of title | an introduction / |
| Statement of responsibility, etc | by Doris Behrens-Abouseif. |
| 250 ## - EDITION STATEMENT | |
| Edition statement | Fifth printing. |
| 264 #1 - PUBLICATION, DISTRIBUTION, ETC. (IMPRINT) | |
| Place of publication, distribution, etc | Cairo : |
| Name of publisher, distributor, etc | The American University in Cairo Press, |
| Date of publication, distribution, etc | 2005. |
| 300 ## - PHYSICAL DESCRIPTION | |
| Extent | xviii, 173 pages : |
| Other physical details | illustrations ; |
| Dimensions | 28 cm |
| 504 ## - BIBLIOGRAPHY, ETC. NOTE | |
| Bibliography, etc | Includes bibliographical references. |
| 590 ## - LOCAL NOTE (RLIN) | |
| Local note | doaa mohamed |
| 650 #7 - SUBJECT ADDED ENTRY--TOPICAL TERM | |
| Topical term or geographic name as entry element | Architecture, Islamic |
| Geographic subdivision | Egypt |
| -- | Cairo. |
| Source of heading or term | BUEsh |
| 9 (RLIN) | 23184 |
| 650 #7 - SUBJECT ADDED ENTRY--TOPICAL TERM | |
| Topical term or geographic name as entry element | Architecture |
| Geographic subdivision | Egypt |
| -- | Cairo. |
| 9 (RLIN) | 23185 |
| Source of heading or term | BUEsh |
| 651 #7 - SUBJECT ADDED ENTRY--GEOGRAPHIC NAME | |
| Geographic name | Cairo (Egypt) |
| General subdivision | Buildings, structures, etc. |
| Source of heading or term | BUEsh |
| 9 (RLIN) | 23186 |
| 653 ## - INDEX TERM--UNCONTROLLED | |
| Resource For college | Engineering, Architecture |
| Arrived date list | August2015 |
| 655 ## - INDEX TERM--GENRE/FORM | |
| Form subdivision | Reading book |
| 942 ## - ADDED ENTRY ELEMENTS (KOHA) | |
| Koha item type | Book - Borrowing |
| Call number prefix | 704.948976216 BEH |
| Source of classification or shelving scheme | Dewey Decimal Classification |
| Withdrawn status | Lost status | Source of classification or shelving scheme | Damaged status | Not for loan | Home library | Current library | Shelving location | Date acquired | Source of acquisition | Total Checkouts | Total Renewals | Full call number | Barcode | Date last seen | Date checked out | Koha item type | Collection code | Materials specified (bound volume or other part) | Cost, normal purchase price | Serial Enumeration / chronology |
|---|---|---|---|---|---|---|---|---|---|---|---|---|---|---|---|---|---|---|---|---|
| Dewey Decimal Classification | Central Library | Central Library | Second Floor | 04/05/2008 | Purchase | 11 | 14 | 720.6216 BEH | 000011113 | 23/10/2025 | 16/10/2025 | Book - Borrowing | ||||||||
| Dewey Decimal Classification | Central Library | Central Library | Second Floor | 04/05/2008 | 11 | 15 | 720.6216 BEH | 000011112 | 15/07/2025 | 14/04/2015 | Book - Borrowing | |||||||||
| Dewey Decimal Classification | Damaged | Central Library | Central Library | Second Floor | 18/04/2011 | 4 | 12 | 720.6216 BEH | 000023207 | 15/07/2025 | 14/02/2017 | Book - Borrowing | Baccah | BOX05 | 120.00 | 124070 | ||||
| Dewey Decimal Classification | Central Library | Central Library | Second Floor | 26/04/2011 | 720.6216 BEH | 000011111 | 15/07/2025 | NB - Book (Non borrowing) | Baccah | |||||||||||
| Dewey Decimal Classification | Damaged | Central Library | Central Library | Second Floor | 10/05/2011 | 4 | 26 | 720.6216 BEH | 000023157 | 30/09/2018 | 14/11/2017 | Book - Borrowing | Diwan | BOX05 | 120.00 | 124070 |